[Event "3MCR_3DW_1L_1S"]
[Site "?"]
[Date "2009.??.??"]
[Round "?"]
[White "Nepustil, Frantisek"]
[Black "Jirku, Jaroslav"]
[Result "1-0"]
[WhiteElo "2322"]
[BlackElo "2305"]
[Annotator "093"]
[PlyCount "83"]
[EventDate "2009.??.??"]
[EventType "corr"]
[SourceDate "2002.06.29"]

1. e4 e5 2. f4 exf4 3. Nf3 d6 4. Nc3 Be7 5. d4 Bh4+ 6. Ke2 Bg4 7. Bxf4 Nc6 8.
Qd3 Nge7 9. Kd2 Bxf3 10. gxf3 Ng6 11. Be3 O-O 12. Rd1 Qf6 13. Kc1 Qxf3 14. Be2
Qh3 15. Rdf1 Nb4 16. Qd2 Qe6 17. Kb1 c6 18. a3 Na6 19. Rhg1 Nc7 20. Bd3 b5 21.
Ne2 Rfb8 22. Ng3 d5 23. e5 c5 24. dxc5 b4 25. axb4 a5 26. Nf5 axb4 27. Bd4 Nb5
28. Bxb5 Rxb5 29. Nd6 Rba5 30. b3 Be7 31. Qxb4 Nxe5 32. Nxf7 Ng6 33. Nd6 R5a6
34. Rf7 Bf6 35. Rxf6 gxf6 36. h4 Kh8 37. c6 Rxc6 38. Qb7 Rca6 39. Nf7+ Kg8 40.
Nh6+ Kh8 41. h5 Qc6 42. Qb4 1-0

[Event "3MCR_3DW_1L_2S"]
[Site "?"]
[Date "2009.??.??"]
[Round "?"]
[White "Kyhos, Alois"]
[Black "Docekal, Ales"]
[Result "1-0"]
[WhiteElo "2146"]
[BlackElo "2108"]
[Annotator "099"]
[PlyCount "113"]
[EventDate "2009.??.??"]
[EventType "corr"]
[SourceDate "2002.06.29"]

1. e4 c5 2. c3 Nf6 3. e5 Nd5 4. Nf3 e6 5. Bc4 Nb6 6. Bb3 c4 7. Bc2 d6 8. d4
cxd3 9. Qxd3 dxe5 10. Qxd8+ Kxd8 11. Nxe5 Ke7 12. Nd2 f6 13. Nec4 Nxc4 14. Nxc4
Nc6 15. Be3 b6 16. O-O-O Ba6 17. Bd3 Kf7 18. f4 Be7 19. Ne5+ Nxe5 20. Bxa6 Ng4
21. Rhe1 Rad8 22. Bc4 Rxd1+ 23. Kxd1 Bd6 24. Bd2 Re8 25. f5 Kf8 26. Bxe6 Bxh2
27. b3 Bg3 28. Re2 Be5 29. c4 g6 30. b4 Ke7 31. Kc2 Rd8 32. b5 g5 33. a4 h5 34.
Re4 Nf2 35. Re2 Ng4 36. a5 Rd4 37. a6 h4 38. Bb4+ Ke8 39. Bc3 Rd8 40. Bd5 Kf8
41. Bb7 Bd6 42. Re6 Be7 43. Bf3 Ne5 44. c5 Nxf3 45. cxb6 axb6 46. Rxb6 Ke8 47.
Rb7 g4 48. a7 h3 49. gxh3 gxh3 50. Bb4 Nd4+ 51. Kb1 Bxb4 52. Rb8 h2 53. Rxd8+
Kxd8 54. a8=Q+ Kc7 55. b6+ Kxb6 56. Qb8+ Kc5 57. Qxh2 1-0

[Event "3MCR_3DW_1L_3S"]
[Site "?"]
[Date "2009.??.??"]
[Round "?"]
[White "Portych, Vaclav"]
[Black "Splichal, Josef"]
[Result "0-1"]
[WhiteElo "2219"]
[BlackElo "2204"]
[Annotator "093"]
[PlyCount "150"]
[EventDate "2009.??.??"]
[EventType "corr"]
[SourceDate "2002.06.29"]

1. c4 Nf6 2. Nc3 e5 3. Nf3 Nc6 4. g3 d5 5. cxd5 Nxd5 6. Bg2 Nxc3 7. bxc3 Bd6 8.
O-O Qe7 9. d3 Rb8 10. Rb1 O-O 11. Ng5 Bd7 12. Ne4 Ba3 13. Bxa3 Qxa3 14. Qb3 Qe7
15. f4 exf4 16. gxf4 Be6 17. Qa4 f5 18. Ng5 Bd7 19. Rf3 Rf6 20. Rh3 h6 21. Bd5+
Kh8 22. e3 b6 23. Re1 Na5 24. Qc2 Rd8 25. Qe2 Bc8 26. Bg2 Qa3 27. Qc2 Bd7 28.
Qd2 Bb5 29. e4 Kg8 30. e5 Rg6 31. e6 Re8 32. Nf3 Rgxe6 33. Ne5 Qd6 34. Qb2 Bc6
35. Rg3 Kh7 36. d4 g6 37. Rh3 Nc4 38. Qf2 Bxg2 39. Qxg2 c5 40. Rd1 Nxe5 41.
fxe5 Qd7 42. Qg5 h5 43. Rdd3 Qd8 44. Qg2 R8e7 45. a3 Rc7 46. Qd2 cxd4 47. cxd4
Rec6 48. Rc3 Qc8 49. Rxc6 Rxc6 50. Rf3 Rc2 51. Qg5 Rc1+ 52. Kg2 Rd1 53. Rg3 Qe6
54. Qf6 Rd2+ 55. Kg1 Qxf6 56. exf6 Rxd4 57. f7 Rd8 58. Rd3 Rf8 59. Rd7 Kg7 60.
Rxa7 Rxf7 61. Ra6 b5 62. Kf2 h4 63. Rb6 Ra7 64. Rxb5 Rxa3 65. Rc5 Kh6 66. Rd5
Kh5 67. Rd1 g5 68. Kg2 Ra2+ 69. Kg1 g4 70. Rd3 Kg5 71. Rb3 Ra1+ 72. Kf2 h3 73.
Rb2 Rh1 74. Ke3 f4+ 75. Ke4 Re1+ 0-1

[Event "3MCR_3DW_1L_2S"]
[Site "?"]
[Date "2009.??.??"]
[Round "?"]
[White "Toman, Antonin"]
[Black "Krouzel, Jaroslav"]
[Result "0-1"]
[WhiteElo "2204"]
[BlackElo "2277"]
[Annotator "100"]
[PlyCount "80"]
[EventDate "2009.??.??"]
[EventType "corr"]
[SourceDate "2002.06.29"]

1. e4 e6 2. d4 d5 3. Nd2 Nc6 4. Ngf3 Nf6 5. e5 Nd7 6. Bb5 a6 7. Bxc6 bxc6 8.
Nb3 c5 9. Bg5 Be7 10. Na5 Nxe5 11. dxe5 Bxg5 12. Nc6 Qd7 13. Nxg5 h6 14. Nxf7
Qxf7 15. O-O O-O 16. c4 d4 17. Na5 Rb8 18. Qe2 Bb7 19. f3 Qe7 20. Rae1 Ba8 21.
Nb3 Bc6 22. Na5 Be8 23. Rf2 Rb4 24. f4 Qd7 25. b3 c6 26. Qd2 Qc7 27. a3 Rb8 28.
Rf3 Bg6 29. Rg3 Bf5 30. Rf1 Rf7 31. h3 d3 32. Re1 Rbf8 33. Rf3 Bh7 34. Kh2 g5
35. fxg5 Rxf3 36. gxf3 Rxf3 37. gxh6 Bg6 38. Qg5 Kh7 39. Rg1 Qf7 40. Rg2 Be4
0-1

[Event "3MCR_3DW_1L_1S"]
[Site "?"]
[Date "2009.??.??"]
[Round "?"]
[White "Ryvova, Anna"]
[Black "Nepustil, Frantisek"]
[Result "1/2-1/2"]
[WhiteElo "2315"]
[BlackElo "2322"]
[Annotator "094"]
[PlyCount "109"]
[EventDate "2009.??.??"]
[EventType "corr"]
[SourceDate "2002.06.29"]

1. d4 d5 2. c4 c6 3. Nf3 e6 4. Nbd2 Nf6 5. g3 Nbd7 6. Bg2 Bd6 7. O-O O-O 8. Qc2
Re8 9. b3 e5 10. cxd5 cxd5 11. dxe5 Nxe5 12. Bb2 Qe7 13. Nd4 Bg4 14. Nf5 Bxf5
15. Qxf5 h6 16. Rad1 Rac8 17. Nf3 g6 18. Qb1 Neg4 19. Bd4 Ne4 20. Nd2 Bc5 21.
Nxe4 dxe4 22. Ba1 f5 23. h3 Nf6 24. b4 Bb6 25. Qb3+ Kg7 26. e3 h5 27. Qb2 Kf7
28. Rfe1 Bc7 29. Qb3+ Qe6 30. Qa4 Bb8 31. Bf1 Re7 32. Rc1 h4 33. Rxc8 Qxc8 34.
gxh4 Qc7 35. Bg2 b6 36. Rd1 Qh2+ 37. Kf1 Be5 38. Bxe5 Qxe5 39. Kg1 Kg7 40. Qb3
Rc7 41. Bf1 Rc3 42. Qa4 Qe7 43. b5 Rc7 44. Be2 Kh6 45. Qd4 Rd7 46. Qc3 Rc7 47.
Qb2 Nh7 48. h5 gxh5 49. Rd5 Kg6 50. Qd4 Nf6 51. Rd6 Rd7 52. Rxd7 Nxd7 53. Qh8
Nf6 54. Qb8 h4 55. a4 1/2-1/2

[Event "3MCR_3DW_1L_3S"]
[Site "?"]
[Date "2009.??.??"]
[Round "?"]
[White "Svoboda, Frantisek"]
[Black "Janocko, Petr"]
[Result "1/2-1/2"]
[WhiteElo "2374"]
[BlackElo "2193"]
[Annotator "094"]
[PlyCount "103"]
[EventDate "2009.??.??"]
[EventType "corr"]
[SourceDate "2002.06.29"]

1. c4 e5 2. Nc3 Nc6 3. Nf3 Nf6 4. g3 Bb4 5. Nd5 e4 6. Nh4 Bc5 7. Bg2 d6 8. O-O
Be6 9. Nxf6+ Qxf6 10. Bxe4 Bxc4 11. Qa4 d5 12. d3 dxe4 13. Qxc4 Qd4 14. Qb5 Qb4
15. Qxb4 Nxb4 16. dxe4 O-O-O 17. a3 Nc6 18. Kg2 Rhe8 19. f3 a5 20. Rb1 a4 21.
Re1 f6 22. Nf5 g6 23. Nh6 Na5 24. Bf4 Nb3 25. g4 Re6 26. h4 Rc6 27. g5 Bd4 28.
Ng4 fxg5 29. hxg5 Rc2 30. Rh1 Rd7 31. Be5 Rxe2+ 32. Kg3 Bxe5+ 33. Nxe5 Re7 34.
Ng4 Rd7 35. Rh4 Kb8 36. Rbh1 Rdd2 37. Rxh7 Rg2+ 38. Kh3 Nd4 39. Rf7 Rxb2 40.
Rf6 Rge2 41. Rd1 c5 42. Kg3 Rg2+ 43. Kf4 Ne2+ 44. Ke5 Rb3 45. Rxg6 Rxf3 46. Nf6
Ka7 47. Nd7 Rxa3 48. Nxc5 Rag3 49. Nxa4 Rxg5+ 50. Rxg5 Rxg5+ 51. Kf6 Ra5 52.
Nb2 1/2-1/2

[Event "3MCR_3DW_1L_3S"]
[Site "?"]
[Date "2009.??.??"]
[Round "?"]
[White "Bares, Jiri"]
[Black "Alexa, Jaroslav"]
[Result "1-0"]
[WhiteElo "2234"]
[BlackElo "2325"]
[Annotator "095"]
[PlyCount "77"]
[EventDate "2009.??.??"]
[EventType "corr"]
[SourceDate "2002.06.29"]

1. d4 Nf6 2. c4 e6 3. Nc3 Bb4 4. Qc2 O-O 5. a3 Bxc3+ 6. Qxc3 b6 7. g3 Bb7 8.
Nf3 c5 9. dxc5 bxc5 10. Bg2 a5 11. O-O Qb6 12. b3 d5 13. cxd5 exd5 14. e3 Ne4
15. Qc2 Nd7 16. Bb2 Qe6 17. Rac1 Rfc8 18. Nd2 Ndf6 19. Nxe4 Nxe4 20. Rfe1 f6
21. a4 Ra6 22. f3 Nd6 23. Bc3 Raa8 24. Rcd1 Bc6 25. Bf1 Kh8 26. Bb2 Be8 27. e4
d4 28. f4 Rab8 29. e5 Bg6 30. Qg2 fxe5 31. fxe5 Nf7 32. Bc4 Qg4 33. h3 Qh5 34.
Bc1 Ng5 35. Be2 Nxh3+ 36. Kh2 Nf4+ 37. Bxh5 Nxg2 38. Bxg6 Nxe1 39. Be4 1-0

[Event "3MCR_3DW_1L_1S"]
[Site "?"]
[Date "2009.??.??"]
[Round "?"]
[White "Kuta, Jiri"]
[Black "Pecka, Josef"]
[Result "1-0"]
[WhiteElo "2359"]
[BlackElo "2270"]
[Annotator "095"]
[PlyCount "111"]
[EventDate "2009.??.??"]
[EventType "corr"]
[SourceDate "2002.06.29"]

1. d4 e6 2. e4 d5 3. Nc3 Nf6 4. e5 Nfd7 5. f4 c5 6. Nf3 Nc6 7. Be3 a6 8. Qd2 b5
9. a3 Bb7 10. Bd3 cxd4 11. Nxd4 Nxd4 12. Bxd4 Bc5 13. Ne2 Qh4+ 14. g3 Qh3 15.
Ng1 Qh5 16. Be2 Qh6 17. Nf3 O-O 18. O-O Rfc8 19. c3 Be7 20. b4 Bd8 21. a4 bxa4
22. Rxa4 Nb6 23. Ra2 g6 24. Qd1 Qf8 25. h4 a5 26. Rxa5 Rxa5 27. bxa5 Nc4 28.
Bxc4 Rxc4 29. Qb3 Ba6 30. Ra1 Rc8 31. Qb4 Qe8 32. Kg2 Rc4 33. Qb3 Rc8 34. Bb6
Be7 35. Nd4 Qd7 36. Kh2 Rc4 37. Ra2 Rc8 38. Rb2 Bd3 39. Nf3 Bc4 40. Qc2 Ba6 41.
g4 Qc6 42. Bd4 Bd8 43. f5 exf5 44. gxf5 Bc7 45. h5 Qd7 46. Kg1 Qxf5 47. Qxf5
gxf5 48. h6 f4 49. Rg2+ Kf8 50. Rg7 Bxa5 51. Rxh7 Rc6 52. e6 Rxe6 53. Ne5 Ke8
54. Rh8+ Ke7 55. h7 Rh6 56. Ra8 1-0

[Event "3MCR_3DW_1L_1S"]
[Site "?"]
[Date "2009.??.??"]
[Round "?"]
[White "Pecka, Josef"]
[Black "Ryvova, Anna"]
[Result "1/2-1/2"]
[WhiteElo "2270"]
[BlackElo "2315"]
[Annotator "096"]
[PlyCount "113"]
[EventDate "2009.??.??"]
[EventType "corr"]
[SourceDate "2002.06.29"]

1. e4 e6 2. d4 d5 3. Nc3 Nf6 4. Bg5 Be7 5. e5 Nfd7 6. h4 Bxg5 7. hxg5 Qxg5 8.
Nh3 Qe7 9. Nf4 Nc6 10. Qg4 g6 11. O-O-O h5 12. Qh3 Nb6 13. g4 h4 14. Rg1 Qg5
15. Qe3 Bd7 16. Nfxd5 Qxe3+ 17. Nxe3 Ne7 18. g5 Bc6 19. Bh3 O-O-O 20. f4 Kb8
21. Rd3 a6 22. Rgd1 Nbd5 23. Ncxd5 Bxd5 24. Ng4 Nf5 25. Nf6 Ng3 26. Nxd5 Rxd5
27. Kd2 c6 28. Ke3 Rhd8 29. b4 Ka7 30. a4 Kb6 31. a5+ Kc7 32. c3 R5d7 33. Kf3
Kc8 34. Kg4 Ne4 35. Rf3 Rh8 36. Rh1 Ng3 37. Rh2 Nf5 38. Bf1 Rdd8 39. Bd3 Kc7
40. Rfh3 Rh7 41. Bxf5 gxf5+ 42. Kf3 Rdh8 43. c4 Kd7 44. Rd2 Ke7 45. d5 cxd5 46.
cxd5 exd5 47. Rxd5 Rc8 48. Rc5 Rhh8 49. Kf2 Rcd8 50. Rc7+ Ke6 51. Rxb7 Rd4 52.
Rb6+ Ke7 53. Rc3 Rxf4+ 54. Ke3 Re4+ 55. Kf3 Rd8 56. Rxa6 Rd1 57. b5 1/2-1/2

[Event "3MCR_3DW_1L_1S"]
[Site "?"]
[Date "2009.??.??"]
[Round "?"]
[White "Jirku, Jaroslav"]
[Black "Pecka, Josef"]
[Result "0-1"]
[WhiteElo "2305"]
[BlackElo "2270"]
[Annotator "097"]
[PlyCount "112"]
[EventDate "2009.??.??"]
[EventType "corr"]
[SourceDate "2002.06.29"]

1. e4 e6 2. d4 d5 3. Nc3 Nf6 4. Bg5 Be7 5. e5 Nfd7 6. Bxe7 Qxe7 7. f4 O-O 8.
Nf3 c5 9. Qd2 Nc6 10. dxc5 Nxc5 11. Bd3 f6 12. exf6 Qxf6 13. g3 Bd7 14. Ng5
Nxd3+ 15. Qxd3 Qf5 16. Qxf5 Rxf5 17. O-O-O d4 18. Nce4 Ra5 19. Nd2 e5 20. Nb3
Rd5 21. c4 Rd6 22. Ne4 Rh6 23. fxe5 Bg4 24. Rd2 Nxe5 25. Rxd4 Bf3 26. Re1 Rxh2
27. Re3 Bh5 28. Nd6 Rh1+ 29. Kc2 Nc6 30. Rd2 Nb4+ 31. Kc3 Nxa2+ 32. Kd4 b6 33.
c5 bxc5+ 34. Kxc5 Rb8 35. Na5 Nb4 36. Ra3 Na6+ 37. Kd4 Re1 38. Nab7 Nc7 39.
Rxa7 Ne6+ 40. Kd3 Rg1 41. b4 Rxg3+ 42. Kc4 Rg1 43. Kc3 Bf3 44. Nc5 Nxc5 45.
bxc5 h5 46. Nf5 Rc1+ 47. Kd4 Rd8+ 48. Nd6 h4 49. Rf2 Rf8 50. Raa2 g5 51. Rac2
Rd1+ 52. Ke3 g4 53. Rh2 h3 54. Rb2 Rh1 55. Rxh1 Bxh1 56. Rh2 Bg2 0-1

[Event "3MCR_3DW_1L_3S"]
[Site "?"]
[Date "2009.??.??"]
[Round "?"]
[White "Svoboda, Frantisek"]
[Black "Bares, Jiri"]
[Result "1/2-1/2"]
[WhiteElo "2374"]
[BlackElo "2234"]
[Annotator "096"]
[PlyCount "113"]
[EventDate "2009.??.??"]
[EventType "corr"]
[SourceDate "2002.06.29"]

1. c4 Nf6 2. Nc3 e5 3. Nf3 Nc6 4. g3 d5 5. cxd5 Nxd5 6. Bg2 Nb6 7. O-O Be7 8.
a3 O-O 9. b4 Be6 10. Rb1 f6 11. d3 a5 12. b5 Nd4 13. Nd2 Bd5 14. Nxd5 Nxd5 15.
Ne4 f5 16. e3 fxe4 17. exd4 exd4 18. Bb2 Nc3 19. Bxc3 dxc3 20. Bxe4 Qd4 21. Rc1
Bf6 22. Bxb7 Rad8 23. Be4 g6 24. Kg2 Kg7 25. Qc2 Rfe8 26. Rfe1 Re7 27. Re2 Rb8
28. a4 Qb4 29. h4 Rd8 30. Rh1 h5 31. Rb1 Qc5 32. Rb3 Rd6 33. f4 Rdd7 34. Kh2
Rd8 35. Qc1 Qd4 36. Ra3 Qb4 37. Rg2 Rd6 38. Raa2 Qc5 39. Rgf2 Rd4 40. Rf3 Qd6
41. f5 Bxh4 42. Qxc3 Bxg3+ 43. Kg2 Be5 44. Qxa5 g5 45. f6+ Bxf6 46. Qa6 h4 47.
Qxd6 cxd6 48. Rf5 d5 49. Rxd5 Rxd5 50. Bxd5 Re3 51. Be4 h3+ 52. Kf1 Be5 53. Re2
Rxe2 54. Kxe2 Bc7 55. Kf3 Kf6 56. d4 h2 57. Kg4 1/2-1/2

[Event "3MCR_3DW_1L_3S"]
[Site "?"]
[Date "2009.??.??"]
[Round "?"]
[White "Alexa, Jaroslav"]
[Black "Svoboda, Frantisek"]
[Result "1-0"]
[WhiteElo "2325"]
[BlackElo "2374"]
[Annotator "097"]
[PlyCount "119"]
[EventDate "2009.??.??"]
[EventType "corr"]
[SourceDate "2002.06.29"]

1. d4 Nf6 2. c4 e6 3. Nc3 c5 4. d5 exd5 5. cxd5 d6 6. e4 g6 7. h3 Bg7 8. Nf3
O-O 9. Bd3 a6 10. a4 Nbd7 11. O-O b6 12. Bf4 Qe7 13. Re1 Nh5 14. Bg5 Bf6 15.
Bh6 Bg7 16. Qd2 Bxh6 17. Qxh6 Qf6 18. Be2 Nf4 19. Bf1 Ne5 20. Nxe5 Qxe5 21. g3
Nh5 22. Rad1 b5 23. axb5 axb5 24. f4 Qg7 25. Qxg7+ Kxg7 26. Kf2 Bd7 27. e5 c4
28. Ne4 Ra2 29. Re2 dxe5 30. fxe5 Ra7 31. Bg2 Rd8 32. Nc5 Rc8 33. Nxd7 Rxd7 34.
d6 Kf8 35. Rd5 b4 36. Rb5 c3 37. bxc3 bxc3 38. Rc2 f6 39. Bd5 fxe5 40. Be6 Nf6
41. Bxd7 Nxd7 42. Rb7 Rd8 43. Rxc3 Kf7 44. Rc6 Ke6 45. Ra7 Rb8 46. Rcc7 Rd8 47.
g4 Kxd6 48. Rc2 Rf8+ 49. Ke3 Rf7 50. Rd2+ Ke6 51. g5 Re7 52. Ra6+ Kf5 53. Rg2
Re8 54. Rd6 Re7 55. Rg1 Rg7 56. h4 Re7 57. Rc1 Nb8 58. Rf6+ Kg4 59. Rc4+ Kh5
60. Rb6 1-0

[Event "3MCR_3DW_1L_1S"]
[Site "?"]
[Date "2009.??.??"]
[Round "?"]
[White "Jirku, Jaroslav"]
[Black "Hybl, Vladislav"]
[Result "1/2-1/2"]
[WhiteElo "2305"]
[BlackElo "2307"]
[Annotator "098"]
[PlyCount "72"]
[EventDate "2009.??.??"]
[EventType "corr"]
[SourceDate "2002.06.29"]

1. e4 c5 2. Nf3 Nc6 3. Bb5 e6 4. O-O Nge7 5. Nc3 a6 6. Bxc6 Nxc6 7. d4 cxd4 8.
Nxd4 Qc7 9. Re1 Bd6 10. Nxc6 bxc6 11. Qh5 Be5 12. f4 Bxf4 13. Bxf4 Qxf4 14. Qc5
Qc7 15. e5 Qa7 16. Qxa7 Rxa7 17. Ne4 Ke7 18. c4 f6 19. c5 a5 20. Nd6 Ba6 21.
exf6+ gxf6 22. Re3 Raa8 23. Rg3 Rhg8 24. Rh3 Rg7 25. Re1 Kd8 26. Ree3 Kc7 27.
Reg3 Rxg3 28. Rxg3 h5 29. Ra3 Bb5 30. Rh3 Be2 31. Kf2 Bd1 32. Ra3 a4 33. b3 Ra5
34. b4 Ra8 35. Rd3 Bc2 36. Rc3 Bg6 1/2-1/2

[Event "3MCR_3DW_1L_3S"]
[Site "?"]
[Date "2009.??.??"]
[Round "?"]
[White "Riha, Jan"]
[Black "Portych, Vaclav"]
[Result "1-0"]
[WhiteElo "2275"]
[BlackElo "2218"]
[Annotator "098"]
[PlyCount "119"]
[EventDate "2009.??.??"]
[EventType "corr"]
[SourceDate "2002.06.29"]

1. e4 c5 2. Nf3 Nc6 3. d4 cxd4 4. Nxd4 Nf6 5. Nc3 e5 6. Ndb5 d6 7. Bg5 a6 8.
Na3 b5 9. Nd5 Be7 10. Bxf6 Bxf6 11. c3 O-O 12. Nc2 Bg5 13. a4 bxa4 14. Rxa4 a5
15. Bb5 Ne7 16. Ncb4 Bd7 17. Nxe7+ Bxe7 18. Nc6 Qe8 19. Qd5 Bh4 20. Rc4 Rb8 21.
Nxb8 Bxb5 22. Rc7 Qd8 23. Rb7 Qg5 24. Rxb5 Qc1+ 25. Ke2 Qxh1 26. g3 Be7 27. Nc6
Bf6 28. Rxa5 Qxh2 29. Qxd6 Qh5+ 30. Kd2 Re8 31. Qd7 Rf8 32. Qd3 Qh6+ 33. Kc2
Qh2 34. Qf3 Qg1 35. Nxe5 Bxe5 36. Rxe5 Qa1 37. Qd3 Rb8 38. Qb5 Qa8 39. Qc4 g6
40. Re7 Rf8 41. Rc7 Qd8 42. b4 h5 43. Rc6 Kh7 44. e5 Qd7 45. e6 Qa7 46. Rc7
Qxf2+ 47. Kb3 Qe1 48. Rxf7+ Rxf7 49. exf7 Qb1+ 50. Ka4 Qd1+ 51. Kb5 Kg7 52.
Qd4+ Qxd4 53. cxd4 g5 54. d5 h4 55. gxh4 gxh4 56. d6 Kxf7 57. Kc6 h3 58. d7 h2
59. d8=Q h1=Q+ 60. Qd5+ 1-0

[Event "3MCR_3DW_1L_2S"]
[Site "?"]
[Date "2009.??.??"]
[Round "?"]
[White "Kuchta, Jiri"]
[Black "Blecha, Miroslav"]
[Result "1-0"]
[WhiteElo "2162"]
[BlackElo "2298"]
[Annotator "101"]
[PlyCount "83"]
[EventDate "2009.??.??"]
[EventType "corr"]
[SourceDate "2002.06.29"]

1. e4 c5 2. Nf3 e6 3. d4 cxd4 4. Nxd4 Nf6 5. Nc3 d6 6. Be3 Nc6 7. f4 e5 8. Nf3
Ng4 9. Qd2 Nxe3 10. Qxe3 exf4 11. Qxf4 Be7 12. O-O-O Be6 13. Nd5 O-O 14. Kb1
Rc8 15. g4 Qa5 16. Bc4 Qc5 17. Bb3 Bd8 18. c3 b5 19. g5 b4 20. Rc1 Ne7 21. cxb4
Qf2 22. Rxc8 Nxd5 23. Bxd5 Bxc8 24. Re1 Be6 25. Qg3 Qxg3 26. hxg3 Bg4 27. Rf1
g6 28. a4 Kg7 29. b5 f5 30. Nd4 fxe4 31. Re1 Bxg5 32. Rxe4 Bf5 33. Ne6+ Bxe6
34. Rxe6 Bd8 35. Rxd6 Bb6 36. Rd7+ Kh6 37. b4 Rd8 38. Rxd8 Bxd8 39. a5 Bc7 40.
Kb2 Kg5 41. Kb3 Kf6 42. Kc4 1-0

[Event "3MCR_3DW_1L_1S"]
[Site "?"]
[Date "2009.??.??"]
[Round "?"]
[White "Jirku, Jaroslav"]
[Black "Makovsky, Petr"]
[Result "1/2-1/2"]
[WhiteElo "2305"]
[BlackElo "2324"]
[Annotator "099"]
[PlyCount "126"]
[EventDate "2009.??.??"]
[EventType "corr"]
[SourceDate "2002.06.29"]

1. e4 e5 2. Nf3 Nc6 3. Bb5 a6 4. Ba4 Nf6 5. O-O Be7 6. Re1 b5 7. Bb3 d6 8. c3
O-O 9. h3 Nb8 10. d4 Nbd7 11. Nbd2 Bb7 12. Bc2 Re8 13. Nf1 Bf8 14. Ng3 g6 15.
a4 c5 16. d5 c4 17. Bg5 h6 18. Be3 Nc5 19. Qd2 h5 20. Bg5 Be7 21. Bh6 Nfd7 22.
Qe3 Nb6 23. axb5 axb5 24. Rxa8 Bxa8 25. Qd2 Nba4 26. Be3 Bb7 27. Ra1 Bc8 28.
Qc1 Kh7 29. Nd2 Bd7 30. Ne2 Qc7 31. Qb1 Bf8 32. Qc1 Bg7 33. Ra2 Ra8 34. Qb1 Bh6
35. Bxh6 Kxh6 36. f4 Qb6 37. Kh2 Nd3 38. Bxd3 cxd3 39. Nc1 Qe3 40. Qxd3 Qxf4+
41. Kg1 Nc5 42. Qe2 Rxa2 43. Nxa2 f5 44. exf5 gxf5 45. Nb4 e4 46. c4 bxc4 47.
Nxc4 Qc1+ 48. Kh2 Bb5 49. Qe3+ Qxe3 50. Nxe3 Kg5 51. g3 Na4 52. b3 Nc5 53. Ng2
Nxb3 54. Kg1 Nd4 55. Kf2 Ne2 56. h4+ Kf6 57. Nf4 Nxf4 58. gxf4 Bc4 59. Ke3 Ke7
60. Kd4 Bb3 61. Kc3 Ba4 62. Kc4 Kd7 63. Kd4 Kd8 1/2-1/2

[Event "3MCR_3DW_1L_1S"]
[Site "?"]
[Date "2009.??.??"]
[Round "?"]
[White "Nepustil, Frantisek"]
[Black "Pecka, Josef"]
[Result "1-0"]
[WhiteElo "2322"]
[BlackElo "2270"]
[Annotator "100"]
[PlyCount "119"]
[EventDate "2009.??.??"]
[EventType "corr"]
[SourceDate "2002.06.29"]

1. e4 e5 2. f4 exf4 3. Nf3 g5 4. Nc3 Nc6 5. g3 g4 6. Nh4 f3 7. d4 Qe7 8. Nf5
Qd8 9. d5 Nce7 10. Qd4 f6 11. h3 Nxf5 12. exf5 Bd6 13. Qxg4 Qe7+ 14. Kf2 Be5
15. d6 Qxd6 16. Qg7 Bd4+ 17. Kxf3 b6 18. Bd3 Bb7+ 19. Be4 O-O-O 20. Rd1 Bxe4+
21. Nxe4 Qd5 22. Qxh8 Qxf5+ 23. Bf4 Bxb2 24. Rab1 Nh6 25. Qg7 Qxe4+ 26. Kxe4
f5+ 27. Kf3 Bxg7 28. Rd5 Rf8 29. Bxh6 Bxh6 30. Re1 Rf7 31. Re8+ Kb7 32. Ree5 d6
33. Rxf5 Re7 34. Rd3 Bc1 35. h4 Kc6 36. g4 h6 37. g5 hxg5 38. hxg5 Rg7 39. Kg4
Kd7 40. Rdf3 Rg8 41. Rf1 Be3 42. Rh1 Rg7 43. Rh6 Bc1 44. Rhf6 Kc6 45. Rf7 Rg8
46. Rh7 b5 47. Kh5 a5 48. g6 Kb6 49. g7 Bb2 50. Kg6 Bxg7 51. Rxg7 Re8 52. Rff7
c6 53. Re7 Rf8 54. Ra7 a4 55. Rgb7+ Kc5 56. Ra6 d5 57. Rc7 Kb4 58. Raxc6 Ka3
59. Rb6 Kxa2 60. Rxb5 1-0

[Event "3MCR_3DW_1L_3S"]
[Site "?"]
[Date "2009.??.??"]
[Round "?"]
[White "Ryska, Jiri"]
[Black "Bares, Jiri"]
[Result "0-1"]
[WhiteElo "2104"]
[BlackElo "2234"]
[Annotator "099"]
[PlyCount "100"]
[EventDate "2009.??.??"]
[EventType "corr"]
[SourceDate "2002.06.29"]

1. Nf3 Nf6 2. d4 d5 3. Bf4 e6 4. e3 c5 5. Nc3 a6 6. Bd3 Nc6 7. O-O Be7 8. dxc5
Bxc5 9. e4 d4 10. Ne2 O-O 11. e5 Nd5 12. Bxh7+ Kxh7 13. Ng5+ Kg8 14. Qd3 f5 15.
Qh3 Rf7 16. Qh7+ Kf8 17. Bg3 Ke8 18. Qg6 Qe7 19. Rad1 Bd7 20. Rfe1 Rc8 21. a3
Qf8 22. b4 Ba7 23. c4 Nde7 24. Qh5 g6 25. Qf3 Rg7 26. Qd3 Qg8 27. Rb1 Nd8 28.
Nxd4 Ba4 29. Ne2 Nec6 30. c5 Rd7 31. Qe3 Ne7 32. Nc3 Nd5 33. Nxd5 Rxd5 34. Nh3
Rd7 35. Bh4 Nc6 36. Bf6 Rcc7 37. Re2 Rd4 38. Rd2 Rcd7 39. Rxd4 Rxd4 40. Re1 b6
41. cxb6 Bxb6 42. Qf3 Kd7 43. Nf4 Kc7 44. Ne2 Re4 45. Rc1 Kb7 46. Nc3 Nd4 47.
Qd3 Qc8 48. h3 Re2 49. Bg5 Bc2 50. Qg3 f4 0-1

[Event "3MCR_3DW_1L_1S"]
[Site "?"]
[Date "2009.??.??"]
[Round "?"]
[White "Ryvova, Anna"]
[Black "Jirku, Jaroslav"]
[Result "1/2-1/2"]
[WhiteElo "2315"]
[BlackElo "2305"]
[Annotator "101"]
[PlyCount "84"]
[EventDate "2009.??.??"]
[EventType "corr"]
[SourceDate "2002.06.29"]

1. d4 d5 2. c4 e6 3. Nc3 Nf6 4. Bg5 Be7 5. e3 O-O 6. Nf3 h6 7. Bh4 b6 8. Rc1
Bb7 9. Bxf6 Bxf6 10. cxd5 exd5 11. b4 c5 12. bxc5 bxc5 13. dxc5 Nd7 14. Nb5 Rc8
15. Nd6 Rxc5 16. Nxb7 Rxc1 17. Qxc1 Qb6 18. Bd3 Qb4+ 19. Ke2 Qxb7 20. Qb1 Rb8
21. Qxb7 Rxb7 22. Rc1 Kf8 23. Rc2 Ke7 24. Nd2 Rb2 25. Rxb2 Bxb2 26. Nb3 Ne5 27.
Bb5 Kd6 28. h3 g6 29. Kd2 Nc4+ 30. Kd3 Ne5+ 31. Kc2 Ba3 32. Kc3 g5 33. Nd4 Kc5
34. Be8 Bb4+ 35. Kc2 h5 36. h4 gxh4 37. f4 Nc4 38. Nf5 f6 39. Bxh5 Bd2 40. Kd3
a5 41. Bf3 a4 42. Bd1 Kb4 1/2-1/2

[Event "3MCR_3DW_1L_1S"]
[Site "?"]
[Date "2009.??.??"]
[Round "?"]
[White "Binas, Jindrich"]
[Black "Jirku, Jaroslav"]
[Result "1-0"]
[WhiteElo "2249"]
[BlackElo "2305"]
[Annotator "102"]
[PlyCount "121"]
[EventDate "2009.??.??"]
[EventType "corr"]
[SourceDate "2002.06.29"]

1. e4 c5 2. Nf3 d6 3. d4 cxd4 4. Nxd4 Nf6 5. Nc3 a6 6. Be3 e6 7. f3 b5 8. g4
Nfd7 9. Qd2 Nb6 10. O-O-O Bb7 11. Nb3 N8d7 12. Na5 Rb8 13. Bf4 Nc8 14. Nxb7
Rxb7 15. Kb1 Be7 16. g5 Qc7 17. h4 Ne5 18. h5 Nb6 19. Qf2 O-O 20. h6 g6 21. Bc1
b4 22. Ne2 Nec4 23. f4 d5 24. Bg2 Bc5 25. Qg3 dxe4 26. Bxe4 Rbb8 27. Qf3 Rfd8
28. b3 Nd6 29. c4 a5 30. Nd4 Rbc8 31. Nc6 Rf8 32. Ne5 Nd7 33. Bb2 Nxe5 34. Bxe5
a4 35. Rh2 Rfd8 36. Rhd2 axb3 37. axb3 Qb8 38. Bc6 Qc7 39. Ba4 Qb6 40. Bb2 Nf5
41. Bd7 Rb8 42. Qe4 Qc7 43. Be5 Qb6 44. Bxb8 Rxb8 45. Bc6 Rf8 46. Rd7 Be7 47.
Qf3 Bc5 48. Rb7 Qa6 49. Qe4 Ra8 50. Ba4 Bd6 51. Rd7 Rf8 52. Bc6 Be7 53. Qf3 Qa5
54. Be4 Re8 55. Bxf5 Qxf5+ 56. Qd3 Qxd3+ 57. R1xd3 Kf8 58. Ra7 e5 59. fxe5 Bxg5
60. Rdd7 Bxh6 61. Rxf7+ 1-0

[Event "3MCR_3DW_1L_2S"]
[Site "?"]
[Date "2009.??.??"]
[Round "?"]
[White "Cipka, Ivan"]
[Black "Vozda, Jindrich"]
[Result "1/2-1/2"]
[WhiteElo "2194"]
[BlackElo "2444"]
[Annotator "102"]
[PlyCount "108"]
[EventDate "2009.??.??"]
[EventType "corr"]
[SourceDate "2002.06.29"]

1. e4 e5 2. Nf3 Nc6 3. Bb5 a6 4. Ba4 Nf6 5. O-O b5 6. Bb3 Bb7 7. d3 Bc5 8. a4
b4 9. Nbd2 O-O 10. Nc4 d6 11. Be3 Bxe3 12. Nxe3 Rb8 13. a5 Ne7 14. h3 c5 15.
Bc4 Nc6 16. Nd2 Nxa5 17. Qf3 Nxc4 18. Nexc4 d5 19. exd5 Nxd5 20. Ne4 Nf4 21.
Nxe5 Ne6 22. Qe3 Qd5 23. Nf3 f5 24. Ned2 Nd4 25. Qe5 Qc6 26. Ra5 Rbc8 27. Kh1
Qh6 28. Rxc5 Nxf3 29. Nxf3 Bxf3 30. gxf3 Qxh3+ 31. Kg1 Rce8 32. Qg3 Qh6 33. Qh2
Qb6 34. Qc7 Qg6+ 35. Qg3 Qf6 36. Rd1 Qxb2 37. d4 Re6 38. Qc7 b3 39. Rc3 bxc2
40. Rxc2 Qb5 41. Qc4 Qxc4 42. Rxc4 Rd8 43. Kg2 Rd5 44. f4 Red6 45. Kf3 Kf7 46.
Ra1 Ke6 47. Re1+ Kd7 48. Rg1 g6 49. Rh1 h5 50. Ra1 Rb6 51. Rca4 Rdd6 52. Kg3
Kc8 53. Kh4 Kb7 54. Kg5 Rb2 1/2-1/2